IATA Codes in Indian International Airports - Statistics

General Stats
  • This quiz has been taken 158 times
  • The average score is 12 of 16
Answer Stats
Airport IATA Codes % Correct
Chatrapati Shivaji Maharaj International Airport, Mumbai BOM
99%
Indira Gandhi International Airport, Delhi & New Delhi DEL
98%
Sardar Vallahbhai International Airport, Ahmedabad AMD
92%
Rajiv Gandhi International Airport, Hyderabad HYD
91%
Kempegowda International Airport, Bengaluru BLR
85%
Netaji Subhash Chandra Bose International Airport, Kolkata CCU
85%
Chennai International Airport, Chennai MAA
85%
Pune International Airport, Pune PNQ
85%
Cochin International Airport, Cochin COK
78%
Chaudhary Charan Singh International Airport, Lucknow LKO
73%
Sri Guru Ram Dass Jee International Airport, Amritsar ATQ
72%
Shaheed Bhagat Singh International Airport, Chandigarh IXC
69%
Biju Patnaik International Airport, Bhubaneswar BBI
64%
Lokpriya Gopinath Bordoloi International Airport, Guwahati GAU
61%
Jolly Grant International Airport, Dehradun DED
58%
Veer Savarkar International Airport, Sri Vijaya Puram IXZ
52%
No matching quizzes found
Score Distribution
Percent of People with Each Score
Percentile by Number Answered
Your Score History
You have not taken this quiz